Les droits de tradition civiliste en question. Á propos des Rapports Doing Business de la Banque Mondiale.
Saved in:
| Main Author: | |
|---|---|
| Format: | Book |
| Language: | French |
| Published: |
Paris, France:
Société de Législation comparée,
2006.
|
| Subjects: | |
| Tags: |
Add Tag
No Tags, Be the first to tag this record!
|
MARC
| LEADER | 00000cam a2200000 a 4500 | ||
|---|---|---|---|
| 001 | UCD3607 | ||
| 003 | CL-VaPUC | ||
| 005 | 20220822114410.0 | ||
| 008 | 160609e20060000fr |||||||||||||||||fre|d | ||
| 999 | |c 364643 |d 364641 | ||
| 020 | |a 2-908199-46-7 (v.1) | ||
| 020 | |a 2-908199-52-1 (v.2) | ||
| 040 | |c Pontificia Universidad Católica de Valparaíso | ||
| 082 | 0 | 4 | |a 346.4407 ASS 2006 (v.2) |2 21 |
| 100 | 0 | |a Association Henri Capitant |e autor |9 587137 | |
| 245 | 1 | 4 | |a Les droits de tradition civiliste en question. |b Á propos des Rapports Doing Business de la Banque Mondiale. |
| 260 | |a Paris, France: |b Société de Législation comparée, |c 2006. | ||
| 300 | |a 2 Volúmenes. | ||
| 500 | |a c.2 Volumen 2: Donación Familia Prof. Alejandro Guzmán Brito. | ||
| 505 | |a v.1: Association Henri Capitant des amis de la culture juridique francaise. v.2: Contributions des groupes autres que le groupe francais de L'association Henry Capitant des Amis de la Culture Juridique Francaise. | ||
| 583 | |a last modification |c 20160609 22:21:00 |k Rodrigo Vera | ||
| 650 | 0 | |a Derecho civil francés |9 395571 | |
| 650 | 0 | |a Responsabilidad civil |2 CL-VaPUC |9 295720 | |
| 650 | 0 | |a Derecho comercial |9 256340 | |
| 651 | 0 | |a Francia |9 255157 | |
| 942 | |c BK |2 ddc |n 0 | ||
| 945 | |d 20160609 22:21:00 |a arojas | ||
| 952 | |0 0 |1 0 |3 erb |4 0 |6 346_440700000000000_ASS_2006 |7 0 |8 A |9 478196 |a BIBDER |b BIBDER |h v.1 |i 5313023 |o 346.4407 ASS 2006 |p 5313023 |r 2023-01-25 |w 2019-11-24 |y BK |z Catalogado en:20160609 |k DER | ||
| 952 | |0 0 |1 0 |3 erb |4 0 |6 346_440700000000000_ASS_2006 |7 0 |8 A |9 478197 |a BIBDER |b BIBDER |h v.2 |i 5313015 |o 346.4407 ASS 2006 |p 5313015 |r 2023-01-25 |w 2019-11-24 |y BK |z Catalogado en:20160609 |k DER | ||
| 952 | |0 0 |1 0 |2 ddc |4 0 |6 346_440700000000000_ASS_2006 |7 1 |8 C_AGB |9 580601 |a BIBDER |b BIBDER |d 2022-01-17 |e Donación |h v.2 |i 5639603 |o 346.4407 ASS 2006 |p 5639603 |r 2023-01-25 |t 2 |w 2022-01-17 |y BK_US |k AGB | ||